| 000 | 01619 a2200229 4500 | ||
|---|---|---|---|
| 001 | 36465 | ||
| 005 | 20260407155639.0 | ||
| 008 | 260407a1984 arg spa d | ||
| 003 | AR-UNSa-BCEJYS | ||
| 040 |
_aAR-UNSa-BCEJYS _bspa _cAR-UNSa-BCEJYS |
||
| 080 |
_a351.72 _xFinanzas públicas. Legislación (Contabilidad Pública, Administración financiera...) |
||
| 245 | 1 | 0 | _aTécnicas contables en la administración pública |
| 020 | _a84-7351-175-1 | ||
| 264 | 1 |
_aMadrid : _bInstituto Nacional de Administración Pública (INAP) _c1984 |
|
| 300 |
_a491 p. _c19 cm. |
||
| 505 | _aI: Consideraciones previas : 1. La contabilidad general pública, como disciplina de elaboración histórica : concepto tradicional - 2. La contabilidad pública como instrumento de registro de la ejecución del presupuesto y como elemento básico de control.Insuficiencia derivadas - 3. Los gastos fiscales - 4. El presupuesto de gastos fiscales - II: Técnicas contables en la administración pública : 2. Los términos macroeconómicos de la contabilidad nacional - 3. Magnitudes macroeconómicas(delimitación y cálculo)- 4.Nuevas técnicas contables - 5. Necesidades de una contabilidad patrimonial - III: La contabilización de los gastos fiscales : 1. Contabilización de exenciones y bonificaciones: Aspectos normativos - 2. Consignación de los beneficios fiscales en los presupuestos generales del Estado - 3. Situación actual y formación de un modelo contable. | ||
| 041 | _aspa | ||
| 942 | _cBK | ||
| 590 | _aniveau_biblio:m niveau_hierar:0 | ||
| 100 | 1 | _aHerrero Suazo, Santiago | |
| 700 | 1 | _aHerrero Nieto, Jose Luis | |
| 999 |
_c2655 _d2655 |
||